Toutes les transformations de Mario - Statistiques

Statistiques générales
  • Ce quiz a été pris 16 fois
  • Le résultat moyen est 22 sur 84
Statistiques - réponses
Jeu de première apparition Transformation % Correct
Super Mario Bros 3 Mario Tanuki
79%
Super Mario 3D World Mario Chat
71%
Super Mario Bros Mario de Feu
71%
Super Mario Odyssey Grenouille
64%
New Super Mario Bos Wii Mario de Glace
64%
New Super Mario Bros 2 Mario d'Or
64%
Super Mario Bros Wonder Mario Elephant
64%
Super Mario Bros 3 Mario Grenouille
64%
Super Mario Bros Wonder Mario a Bulle
57%
Super Mario 64 Mario de Métal
57%
Super Mario 64 Mario Métal
57%
Super Mario Bros 3 Mario Raton-laveur
57%
Super Mario Odyssey Bowser
50%
Super Mario Odyssey Goomba
50%
Mario & Luigi: Superstar Saga Mario Eau
50%
Super Mario Odyssey Chomp
43%
Super Mario Galaxy Mario Abeille
43%
New Super Mario Bos Wii Mario Hélice
43%
Super Mario Bros 3 Mario Marteau
43%
New Super Mario Bos Wii Mario Pingouin
43%
New Super Mario Bros Mini Mario
43%
Super Mario Odyssey T-rex
43%
Super Mario Odyssey Yoshi
43%
Super Mario Galaxy Mario Fantôme
36%
Super Mario Bros Wonder Mario Foreuse
36%
Super Mario Bros Mario Invincible
36%
Super Mario Galaxy 2 Mario Nuage
36%
New Super Mario Bros Méga Mario
36%
Super Mario Bros Super Mario
36%
Super Mario 64 Mario Ailé
29%
Super Mario 64 Mario Invisible
29%
New Super Mario Bros Mario Koopa
29%
Super Mario Land 2: Golden Coins Mario Lapin
29%
Super Mario Galaxy Mario Ressort
29%
Super Mario Galaxy Mario Volant
29%
Super Mario Odyssey Pogne du Grand Caputl
29%
Super Mario Odyssey Bill'Balle
21%
Super Mario Odyssey Bulle de lave
21%
Super Mario Odyssey Cheep-Cheep
21%
Super Mario Odyssey Humain de New Donk City
21%
Super Mario Odyssey Lettre
21%
Super Mario Galaxy Mario Arc-en-ciel
21%
Super Mario 3D Land Mario Boomerang
21%
Super Mario World Mario Cape
21%
Super Mario Galaxy 2 Mario de Pierre
21%
New Super Mario Bros U Mario Ecureuil volant
21%
Super Mario Odyssey Ma'tuvu
21%
Super Mario Odyssey Maxi-Chomp
21%
Super Mario Odyssey Cactus
14%
Super Mario 3D World + Bowser's Fury Giga Mario Chat
14%
Super Mario Land 2: Golden Coins Mario Bombe
14%
Super Mario Bros 3 Mario Statue
14%
Super Mario 3D Land Mario Tanuki Blanc
14%
Super Mario 3D Land Mario Tanuki d'Or
14%
Super Mario Odyssey Paragoomba
14%
Super Mario Odyssey Borne gzzzt
7%
Super Mario Odyssey Charlu
7%
Super Mario Odyssey Chompinet de Madame Broode
7%
Super Mario 3D World Double Mario
7%
Super Mario Odyssey Jumelles
7%
Super Mario World Mario Ballon
7%
Super Mario Bros 3 Mario Botte
7%
Super Mario 3D World Mario Chat d'Or
7%
Super Mario Maker Wii U Mario Cosplay
7%
New Super Mario Bros U Mario Ecureuil Volant P
7%
New Super Mario Bros 2 Mario Raton-laveur blanc
7%
Super Mario Odyssey Mini-Fusée
7%
Paper Mario: La Porte Millénaire Mode Avion
7%
Paper Mario: La Porte Millénaire Mode Bateau
7%
Super Mario Bros Petit Mario
7%
Super Mario Odyssey Planodon
7%
Super Mario Odyssey Tour Goomba
7%
Super Mario 64 Mario Baudruche
0%
Super Mario Maker Mario Bizarre
0%
Super Mario 3D World. Mario Maneki-neko
0%
Super Mario Maker Mario Ouvrier
0%
Super Mario Maker 2 Mario SMB2
0%
Super Mario Land 2: 6 Golden Coins Mario Spationaute
0%
Super Mario 3D World Mario Statue d'Or
0%
Super Mario Land Mario Superball
0%
Super Mario 3D Land Mario Tanuki de Pierre
0%
Super Mario Galaxy 2 Mario Vrille
0%
Paper Mario: La Porte Millénaire Mode Papier
0%
Paper Mario: La Porte Millénaire Mode Rouleau
0%
Aucun quiz correspondant
Distribution des résultats
% des personnes avec chaque résultat
Percentile par nombre de réponses
Votre historique - résultats
Vous n’avez pas pris ce quiz